Nations of the rugby Autumn Nations Cup. - Statistics

General Stats
  • This quiz has been taken 24 times
  • The average score is 7 of 8
Answer Stats
Nations % Correct
England
100%
France
100%
Ireland
100%
Italy
100%
Scotland
100%
Wales
100%
Georgia
73%
Fiji
60%
No matching quizzes found
Score Distribution
Percent of People with Each Score
Percentile by Number Answered
Your Score History
You have not taken this quiz